000 00717nam a22002417a 4500
003 OSt
005 20260601193859.0
008 260505b2004 |||ao||| |||| 001 0 spa d
020 _a9788496241879
040 _aICI
_bspa
_cICI
041 _aspa
050 _aNA687
_bK55 2004
100 _aKliczkowski, Hugo
_933614
245 _aCafés:
_barquitectura e interiores
260 _aBarcelona, España
_bH. Kliczkowski-Onlybook
_c2004
300 _a63 páginas
500 _aIncluye referencias bibliográficas.
650 _2Cafeterías
_xDiseño y construcción.
_933615
650 _aArquitectura comercial.
650 _aDiseño de interiores.
650 _aEspacios comerciales
_xDiseño.
942 _2lcc
_cB
_n1
999 _c22179
_d22179